| 000 | 00544nam a2200193 a 4500 | ||
|---|---|---|---|
| 005 | 20210223121820.0 | ||
| 008 | 991125s1970 net 000 0 spa u | ||
| 035 | _aUPN01000024353 | ||
| 049 | _aCG | ||
| 050 | 4 |
_aQB821 _bT4.4 |
|
| 100 | 1 | _aThompson, Philip D. | |
| 245 | 1 | 0 |
_aFenómenos atmosféricos / _cPhilip D. Thompson, Robert O'Brien. |
| 260 |
_aNetherland : _bTime-Life, _c1970. |
||
| 300 |
_a192 p. : _bil. |
||
| 440 | 0 | _aLibros Time-Life | |
| 650 | 4 |
_aATMOSFERA _98580 |
|
| 700 | 1 |
_aO'Brien, Robert, _ecoaut. _929762 |
|
| 905 | _aLibro | ||
| 999 |
_c24353 _d24353 |
||